000 00639nam a2200229Ia 4500
001 14485
003 GE_BSU
008 181216s||||||||xx |||||||||||||| ||und||
020 _a10000720485X
040 _cGE_BSU
080 _a613
100 _aPreuschoff,Gisela
245 _aRaising Girls. Why Girls Are Different-and How to Help Them Grow up Happy and Confident
245 _cForeword by Steve Biddulph
260 _aLondon
260 _bHarper thorsons
260 _c2004
300 _a190p.20cm.
653 _aRaising Girls
653 _aWhy Girls Are Different-and How to Help Them Grow up Happy and Confident
942 _cBK
999 _c47616
_d47616